00719nam a2200193 4500001000700000003000900007007000300016008004100019100002600060245009700086260003800183300002200221490003500243700003300278830004300311852003100354999001900385952012100404117000ES-MaACLt|070228s1974 fr r ||||1| fre d1 aPayne, Robert.98972810aVie et mort d'Adolf Hitler / cRobert Payne ; traduit de l'americain par Françoise Vernan. aParis : bBuchet-Chastel, c1974. a571 p. ; c25 cm.1 aCollection grandes biographies1 aVernan, Françoise.91141580 aCollection grandes biographies9233334 aES-MaACLjE-7229 bR.91257 c117000d117000 00104070aATENEOMbATENEOMcDEPO2d2008-01-17eSCl0oE-7229p1121989r2023-02-23 00:00:00w2023-02-23yMONOGRAFIA